000 02975cam a22005774i 4500
003 PE-LiUPU
005 20250731172830.0
008 141029s2014 miuaf b 001 0 eng
020 _a0802866808
020 _a9780802866806
035 _a(Sirsi) i9780802866806
040 _aPE-LiUPU
_bspa
_cPE-LiUPU
_erda
049 _aPRUA
082 0 0 _a221.446
_bW95
_223
100 1 _aWürthwein, Ernst,
_d1909-
240 1 0 _aText des Alten Testaments.
_lEnglish
245 1 4 _aThe text of the Old Testament :
_ban introduction to the Biblia Hebraica /
_cErnst Würthwein ; revisado y expandido en Alexander Achilles Fischer ; traducido por Erroll F. Rhodes.
250 _aThird edition.
264 1 _aGrand Rapids, Michigan :
_bWilliam B. Eerdmans Publishing Company,
_c2014
300 _avii, 343 páginas :
_bilustraciones. ;
_c23 centímetros
336 _atext
_2rdacontent
337 _aunmediated
_2rdamedia
338 _avolume
_2rdacarrier
504 _aBibliografía : páginas 305-320.
504 _aÍndices : páginas 326-343.
505 0 _aA. The Hebrew text of the Bible. Language, script, and writing materials -- The Masoretic text -- The Qumran scrolls -- The Samaritan text -- B. The ancient translations. The Septuagint -- Other translations -- C. Textual criticism. The goal and task of textual criticism -- Textual corruptions, changes, and variants -- The method of textual criticism.
526 _aSEG42
526 _aSEG41
526 _aSEG40
526 _aSEG39
526 _aP94
526 _aP87
526 _aP86
526 _aP85
526 _aP77
526 _aP76
526 _aP35
546 _aTranslated from the German.
630 0 0 _aBiblia.
_P Antiguo Testamento.
_x Crítica, Pruebas.
700 1 _aFischer, Alexander A.
_q(Alexander Achilles)
910 _ajck
_bbpc
_cbpc
_d20160510
942 _2ddc
_cBOOK
949 _a221.446 W95
_wDEWEY
_c1
_i73420
_lCCODEBUL1
_mBUL
_p28.23
_r0
_sY
_tBOOK
_u2016-4-27
_xTEOLOGIA
_PP35
_0COMPRA
_o.STAFF. Colección General
949 _aPGT 221.44 W98 2014
_wDEWEY
_c1
_i71893
_lCCODEBUL1
_mBUL
_p20.00
_r0
_sY
_tBOOK
_u2015-8-24
_xTEOLOGIA
_PP85
_0COMPRA
_o.CIRCNOTE. No olvidar cambiar la fecha de devolución!!!!!!!
_o.STAFF. Posgrado
994 _aC0
_bPEPRU
596 _a1
999 _aPGT 221.446 W95
_wDEWEY
_c6774
_i71893
_f2021-11-9
_g5
_lCCODEBUL1
_mBUL
_p20.00
_r0
_sY
_tBOOK
_u2015-8-24
_xTEOLOGIA
_PP85
_0COMPRA
_o.CIRCNOTE. No olvidar cambiar la fecha de devolución!!!!!!!
_o.STAFF. Posgrado
_d6774
999 _a221.446 W95
_wDEWEY
_c1
_i73420
_d2019-10-10
_f2021-11-9
_g5
_lCCODEBUL1
_mBUL
_p28.23
_q1
_r0
_sY
_tBOOK
_u2016-4-27
_xTEOLOGIA
_PP35
_0COMPRA
_o.STAFF. Colección General
999 _a221.446 W95
_wDEWEY
_c2
_i75590
_d2019-10-13
_e2019-10-9
_f2021-11-9
_g5
_lCCODEBUL1
_mBUL
_n1
_p30.00
_q1
_r0
_sY
_tBOOK
_u2017-1-24
_xTEOLOGIA
_PP85
_0COMPRA
_o.STAFF. Colección Teología
980 _81
_gALBERTO SANCHEZ Responsable de Automatización